Golden String (Record no. 18582)

MARC details
000 -LEADER
fixed length control field 00571nam a2200241 a 4500
020 ## - INTERNATIONAL STANDARD BOOK NUMBER
ISBN
082 00 - DEWEY DECIMAL CLASSIFICATION NUMBER
Classification number 248.22
Author Cutter GRI
100 ## - MAIN ENTRY--AUTHOR NAME
Author name Griffiths, Bede
245 ## - TITLE STATEMENT
Title Golden String
260 ## - PUBLICATION, DISTRIBUTION, ETC. (IMPRINT)
Place of publication London
Name of publisher Harvill Press
Year of publication 1954
300 ## - PHYSICAL DESCRIPTION
Number of Pages 168p
500 ## - GENERAL NOTE
General note includes index and biblioraphy
505 2# - FORMATTED CONTENTS NOTE
Formatted contents note Bibliography
650 ## - SUBJECT ADDED ENTRY--TOPICAL TERM
Topical Term Mysticism-Christianity
942 ## - ADDED ENTRY ELEMENTS (KOHA)
Koha item type Books
700 1# -
-- Griffiths, Bede
Holdings
Collection code Home library Current library Date acquired Cost, normal purchase price Full call number Accession Number Koha item type
  Henry Martyn Institute Library Henry Martyn Institute Library 07/06/2007 100.00 248.22 GRI 11000566 Books
                   Copyright © 2026 | Henry Martyn Institute | Hyderabad | TS-500052 | INDIA | Implemented by hmi.edu.in
Hit-Count:

Powered by Koha